000 00325nam a2200121Ia 4500
008 171205s9999 xx 000 0 und d
020 _a9781284120196
100 _aStory, Lachel
245 _aPathophysiology a Practical Approach
250 _a3rd ed.
260 _bJones & Barlett Learning, LLC
_c2018
300 _a522 pages
999 _c347396
_d347396